| Tag |
First Indicator |
Second Indicator |
Subfields |
| LEADER |
00000pam a2200000 a 4500 |
| 001 |
in00000072506 |
| 005 |
20151008053432.0 |
| 008 |
810128s1981 nyua 00010 eng |
| 010 |
|
|
|a 81000180
|
| 020 |
|
|
|a 003053786X :
|c $14.95
|
| 035 |
|
|
|a (OCoLC)07248537
|
| 035 |
|
|
|9 AAH7421AM
|
| 039 |
0 |
|
|a 2
|b 3
|c 3
|d 3
|e 3
|
| 040 |
|
|
|a DLC
|c DLC
|d TXA
|d UtOrBLW
|
| 043 |
|
|
|a n-us-ny
|
| 049 |
|
|
|a TXAM
|c [1421933]
|
| 050 |
0 |
0 |
|a GV885.43.B37
|b R67
|
| 082 |
0 |
|
|a 796.32/363/0974733
|2 19
|
| 100 |
1 |
|
|a Rosen, Charles.
|
| 245 |
1 |
0 |
|a Players and pretenders :
|b the basketball team that couldn't shoot straight /
|c Charles Rosen.
|
| 250 |
|
|
|a 1st ed.
|
| 264 |
|
1 |
|a New York, N.Y. :
|b Holt, Rinehart, and Winston,
|c [1981]
|
| 264 |
|
4 |
|c ©1981
|
| 300 |
|
|
|a 305 pages :
|b illustrations ;
|c 22 cm.
|
| 336 |
|
|
|a text
|b txt
|2 rdacontent
|
| 337 |
|
|
|a unmediated
|b n
|2 rdamedia
|
| 338 |
|
|
|a volume
|b nc
|2 rdacarrier
|
| 610 |
2 |
0 |
|a Bard College
|x Basketball.
|
| 999 |
|
|
|a MARS
|
| 999 |
f |
f |
|s 696b4119-a48d-38b9-b5da-b56b2aded10a
|i 250ece62-3dd5-3e30-a7da-f4372cac66b0
|t 0
|
| 952 |
f |
f |
|p ric
|a Texas A&M University
|b Rellis Campus
|c Joint Library Facility
|d Remote Storage
|t 0
|e GV885.43.B37 R67
|h Library of Congress classification
|i unmediated -- volume
|m A14806116725
|
| 998 |
f |
f |
|a GV885.43.B37 R67
|t 0
|l Remote Storage
|